Teoría y sinopsis de la constitución de 1991 / (Registro nro. 7342)

Detalles MARC
000 -LEADER
fixed length control field 01052nam a22002417a 4500
003 - CONTROL NUMBER IDENTIFIER
control field OSt
005 - DATE AND TIME OF LATEST TRANSACTION
control field 20210225170155.0
008 - FIXED-LENGTH DATA ELEMENTS--GENERAL INFORMATION
fixed length control field 210225s1996 ck ||||gr|||| 00| 0 spa d
020 ## - INTERNATIONAL STANDARD BOOK NUMBER
International Standard Book Number 9589288057
040 ## - CATALOGING SOURCE
Original cataloging agency CO-JMCR
Transcribing agency CO-JMCR
041 0# - LANGUAGE CODE
Language code of text/sound track or separate title spa
082 04 - DEWEY DECIMAL CLASSIFICATION NUMBER
Classification number 342.861 /
Item number M539t
Edition number 23
100 1# - MAIN ENTRY--PERSONAL NAME
Personal name Mendoza Palomino, Álvaro,
Relator term autor
9 (RLIN) 13988
245 10 - TITLE STATEMENT
Title Teoría y sinopsis de la constitución de 1991 /
Statement of responsibility, etc. Álvaro Mendoza Palomino
250 ## - EDITION STATEMENT
Edition statement Segunda edición
260 ## - PUBLICATION, DISTRIBUTION, ETC.
Place of publication, distribution, etc. Bogotá :
Name of publisher, distributor, etc. Ediciones doctrina de ley,
Date of publication, distribution, etc. 1996
300 ## - PHYSICAL DESCRIPTION
Extent 452 páginas ;
Dimensions 24 cm
504 ## - BIBLIOGRAPHY, ETC. NOTE
Bibliography, etc. note Bibliografía : páginas 445-452.
505 ## - FORMATTED CONTENTS NOTE
Formatted contents note identificación del estado -- Determinación y organización territorial -- Determinación de la población -- Organización del poder publico -- Rama legislativa -- Rama ejecutiva -- Rama judicial -- Función económica y hacienda pública del estado Derechos deberes garantías -- Mecanismos de control -- Reforma constitucional
650 14 - SUBJECT ADDED ENTRY--TOPICAL TERM
Topical term or geographic name entry element Constituciones
9 (RLIN) 8070
650 24 - SUBJECT ADDED ENTRY--TOPICAL TERM
Topical term or geographic name entry element Ley
Geographic subdivision Colombia
9 (RLIN) 13989
942 ## - ADDED ENTRY ELEMENTS (KOHA)
Source of classification or shelving scheme Dewey Decimal Classification
Koha item type Books
Existencias
Withdrawn status Lost status Source of classification or shelving scheme Damaged status Not for loan Home library Current library Shelving location Date acquired Source of acquisition Total Checkouts Full call number Barcode Date last seen Copy number Price effective from Koha item type
    Dewey Decimal Classification     Biblioteca Pública José María del Castillo y Rada Biblioteca Pública José María del Castillo y Rada General Stacks 02/25/2021 Donación   342.861 / M539t 201810612 05/16/2024 Ej.1   Books